| 000 | 00442pam a2200169 a 4500 | ||
|---|---|---|---|
| 020 | _a0135020964 : | ||
| 040 | _cDLC | ||
| 082 | 0 | 0 | _a582 PER 1983 A062 Or. |
| 100 | 1 | _aNoggle, G. Ray | |
| 245 | 1 | 0 | _aIntroductory plant physiology / |
| 250 | _a2nd ed. | ||
| 260 |
_aEnglewood Cliffs, N.J. : _bPrentice-Hall, _cc1983. |
||
| 300 |
_axii, 627 p. : _bill. ; _c25 cm. |
||
| 650 | 0 | _aPlant physiology. | |
| 700 | 1 | _aFritz, George J. | |
| 942 | _cEK | ||
| 999 |
_c14942 _d14942 |
||